| 000 | 00630nam a2200205 a 4500 | ||
|---|---|---|---|
| 003 | 0 | ||
| 005 | 20170302145739.0 | ||
| 008 | 020410s19uu xx 00 eng d | ||
| 020 | _a1-56565-566-4 | ||
| 050 |
_aTR(GS 510.07 _bC43 1997 |
||
| 100 | _aCheney, Martha | ||
| 245 |
_aPuzzles & games : _bfor reading math, bk. 2 (ages 4-6) / _cWritten by Martha Cheney; illustrated by Larry Nolte. |
||
| 260 |
_aLos Angeles : _bLowell House Juvenile, _c1997. |
||
| 300 | _a63 p. | ||
| 440 | _aGifted & Talented | ||
| 650 |
_aReading _xJuvenile literature |
||
| 650 |
_aMath _xJuvenile literature |
||
| 942 |
_2ddc _cBK |
||
| 999 |
_c103354 _d103354 |
||